| 000 | 00656nam a22001937a 4500 | ||
|---|---|---|---|
| 005 | 20251108165354.0 | ||
| 008 | 250721s1984 xx 000 0 ara d | ||
| 082 | 1 | 4 | _aم/922.13/دار |
| 100 | 1 | _aالدارقطني، أبو الحسين علي بن عمر بن أحمد البغدادي | |
| 245 | 1 | 0 | _aالضعفاء و المتروكون / |
| 264 | 1 |
_aالرياض : _bمكتبة المعارف، _c1984. |
|
| 300 | _a447ص | ||
| 650 | 1 | 7 | _aالمحدثون |
| 650 | 1 | 7 | _aرجال الحديث |
| 650 | 1 | 7 | _aالتراجم |
| 700 | 1 |
_aعبد القادر، موفق بن عبد الله بن _eتحقيق |
|
| 942 |
_2ddc _cREF |
||
| 999 |
_c26309 _d26309 |
||